000 00790nam a2200157 a 4500
008 120416s1991 ||||||||||||||||| || u
050 _aQA 276.2 Har
100 _aHartley, A
245 1 0 _aAdditional statistics: teacher's guide
260 _aNewtown
_bGwelfryn
_c1991
300 _a14p.
350 _a0.00
995 _aMAIN LIBRARY OPEN ACCESS
_D0.00
_e725920
_FCBU-MAIN LIBRARY (Kitwe)
_H1
_I0.00
_jQA 276.2 Har
_M1
_UAVAILABLE
_y018765
_ZMain Library Open Access Collection
995 _aMAIN LIBRARY OPEN ACCESS
_D0.00
_e725921
_FCBU-MAIN LIBRARY (Kitwe)
_H3
_I0.00
_jQA 276.2 Har
_M2
_UAVAILABLE
_y018766
_ZMain Library Open Access Collection
995 _aMAIN LIBRARY OPEN ACCESS
_D0.00
_e725919
_FCBU-MAIN LIBRARY (Kitwe)
_H2
_I0.00
_jQA 276.2 Har
_M3
_UAVAILABLE
_y018767
_ZMain Library Open Access Collection
999 _c83656
_d83656